| 000 | 00619nam a2200229 a 4500 | ||
|---|---|---|---|
| 001 | 157132 | ||
| 003 | OSt | ||
| 005 | 20211116152433.0 | ||
| 008 | 191018 ### HIN | ||
| 020 | _a9789332577466 | ||
| 082 |
_a515.1 _bK71C |
||
| 245 |
_aConcepts of genetics _cby William S. Klug...[et.al.] |
||
| 250 | _a10th ed. | ||
| 260 |
_aChennai _bPearson India Education Services Pvt. Ltd. _c2018 |
||
| 300 | _a885p. | ||
| 653 | _aBiochemistry | ||
| 700 | _aKlug, William S. | ||
| 700 | _aCummings, Michael R. | ||
| 700 | _aSpencer, Charlotte A. | ||
| 700 | _aPalladinao, Michael A. | ||
| 942 |
_2ddc _cBK |
||
| 999 |
_c19517 _d19517 |
||